A technology assessment of commercial corn production in the United States /

Guardado en:
Autor Principal: Sundquist, W. Burt.
Otros Autores: Menz, Kenneth M., Neumeyer, Catherine F.
Formato: Libro
Idioma:English
Publicado: [Minnesota] : University of Minnesota, 1982.
Series:Station bulletin ; 546
Materias:
Etiquetas: Agregar Etiqueta
Sin Etiquetas, Sea el primero en etiquetar este registro!
LEADER 00856nam a22002295a 4500
001 EIQ.libpla001513
008 061030s1982####xxua#####b####000#0#eng#d
005 20061030193336.0
245 1 0 |a A technology assessment of commercial corn production in the United States /  |c W. Burt Sundquist, Kenneth M. Menz, Catherine F. Neumeyer. 
260 |a [Minnesota] :  |b University of Minnesota,  |c 1982. 
300 |a 1v. (en varias paginaciones) :  |b il. ;  |c 26 cm. 
490 0 |a Station bulletin ;  |v 546 
504 |a Incluye referencias bibliográficas. 
100 1 |a Sundquist, W. Burt. 
700 1 |a Menz, Kenneth M. 
700 1 |a Neumeyer, Catherine F. 
650 4 |a Alimentos  |x Cereales. 
650 4 |a Foods  |x Economy. 
650 4 |a Alimentos  |x Economía. 
650 4 |a Foods  |x Cereals. 
040 |a AR-BbSID  |b spa  |c AR-BbSID 
859 |a AR-BbSID  |b BIB. PLAPIQUI  |h 633.15  |i Su 72  |p 2547